Discourse analysis for language teachers

Saved in:
Bibliographic Details
Main Author: McCarthy, Michael 1947-
Format: Book
Language:English
Published: Cambridge : New York : Cambridge University Press, 1991
Series:Cambridge language teaching library
Subjects:
Tags: Add Tag
No Tags, Be the first to tag this record!

MARC

LEADER 00000cam a2200000 i 4500
001 1/34133
008 960215s1991 eng d
020 |a 0521365414 ((hard covers)) 
020 |a 0521367468 ((paperback)) 
035 |l 10024060 
040 |a GR-MY-UA  |b gre  |e aacr 
041 0 |a eng 
082 0 |a 401.41 
100 1 |a McCarthy, Michael  |d 1947- 
245 1 0 |a Discourse analysis for language teachers /  |c Michael McCarthy 
260 |a Cambridge :   |a New York :   |b Cambridge University Press,   |c 1991 
300 |a x, 213 p.;  |b ill.;  |c 24 cm 
490 1 |a Cambridge language teaching library 
504 |a Includes bibliographical references (p. 193-205) and index 
650 0 0 |a Discourse analysis. 
650 0 0 |a Language and languages  |x Study and teaching. 
830 0 |a Cambridge language teaching library 
852 |a INST  |b CHIOS  |e 19960215  |h 401.41 MCC  |p 005200002016  |q 005200002016  |t BK  |y 0 
909 |a Χ  |b 031227